MINE CLOSURE (Record no. 8819)

MARC details
000 -LEADER
fixed length control field 00407nam a22001697a 4500
005 - DATE AND TIME OF LATEST TRANSACTION
control field 20250911123612.0
008 - FIXED-LENGTH DATA ELEMENTS--GENERAL INFORMATION
fixed length control field 250910b |||||||| |||| 00| 0 eng d
020 ## - INTERNATIONAL STANDARD BOOK NUMBER
ISBN 978-81-7233-535-9
041 ## - LANGUAGE CODE
Language code of text/sound track or separate title eng
082 ## - DEWEY DECIMAL CLASSIFICATION NUMBER
Classification number 622.87 SAX-M
100 ## - MAIN ENTRY--AUTHOR NAME
Personal name SAXENA, N.C
245 ## - TITLE STATEMENT
Title MINE CLOSURE
260 ## - PUBLICATION, DISTRIBUTION, ETC. (IMPRINT)
Place of publication JODHPUR
Name of publisher SCIENTIFIC PUBLISHERS INDIA
Year of publication 2008
300 ## - PHYSICAL DESCRIPTION
Number of Pages 224;P
650 ## - SUBJECT ADDED ENTRY--TOPICAL TERM
Topical Term MINING
942 ## - ADDED ENTRY ELEMENTS (KOHA)
Koha item type Books
Holdings
Lost status Damaged status Collection code Home library Current library Date acquired Source of acquisition Cost, normal purchase price Full call number Accession Number Koha item type Shelving location
    MINING JRU Library JRU Library 10/09/2025 PURCHASE 2645.00 622.87 28880 Books  
    MINING JRU Library JRU Library 10/09/2025 PURCHASE 2645.00 622.87 28881 Books SHELF-100-E